Reliez les célèbres couples de séries - Statistiques

Statistiques générales
  • Ce quiz a été pris 977 fois
  • Le résultat moyen est 9 sur 16
Statistiques - réponses
Hint Extra Hint Explanation Réponse % Correct
Avec qui est-elle en couple ?
Rachel et Ross, Friends
82%
Avec qui est-elle en couple ? Meredith et Derek, Grey's Anatomy
80%
Avec qui est-elle en couple ? Gabrielle et Carlos, Desperate Housewives
76%
Avec qui est-elle en couple ? Blair et Chuck, Gossip Girl
72%
Avec qui est-elle en couple ? Daphne et Simon, La Chronique des Bridgerton
69%
Avec qui est-elle en couple ? Penny et Leonard, Big Bang Theory
57%
Avec qui est-elle en couple ? Fran et Maxwell, Une Nounou d'Enfer
55%
Avec qui est-elle en couple ? Kate et Toby, Is is us
54%
Avec qui est-elle en couple ? Skyler et Walter, Breaking Bad
54%
Avec qui est-elle en couple ? Amy et Jake, Brooklyn Nine-Nine
50%
Avec qui est-elle en couple ? Piper et Alex, Orange Is the New Black
49%
Avec qui est-elle en couple ? Rachel et Finn, Glee
47%
Haley et Nathan, Les Frères Scott
47%
Avec qui est-elle en couple ? Pam et Jim, The Office
45%
Avec qui est-elle en couple ? Lily et Marshall, How I Met Your Mother
43%
Avec qui est-elle en couple ?
Brenda et Dylan, Beverly Hills
32%
Aucun quiz correspondant
Distribution des résultats
% des personnes avec chaque résultat
Percentile par nombre de réponses
Votre historique - résultats
Vous n’avez pas pris ce quiz